000 00457nam a2200181Ia 4500
001 19865
003 IN-NITTTR
005 20251114233228.0
008 251113s9999||||xx |||||||||||||| ||eng||
040 _beng
040 _cIN-NITTTR
041 _aeng
082 _a519.202462 M612P
100 _aMiller, Irwin
245 0 _aProbability and statistics for engineers. /
_cMiller, Irwin, Freund, John E.
700 _a Freund, John E.
942 _2ddc
_cBK
999 _c22499
_d22499